01134nam a2200265 a 4500001001000000005001700010008004100027041000800068044000800076084002000084100004500104245012300149260003100272300001700303500014400320500009300464500001100557546002400568650005200592650005600644650003400700650004500734700003900779740005000818BRCA_335420190320204235.0260309s1890----enk#---###---#000-0#eng-# aeng aenk a648b.O34c18901 aCervantes Saavedra, Miguel ded1547-161610aAdventures of Don Quixote de la ManchacTranslated from the Spanish of Miguel de Cervantes Saavedra by Charles Jarvis. aLondresbOdham Pressc1890 a2 v.c20 cm. aContenido : v.1. Primera parte. Retrato de Cervantes. Prólogo de Cervantes. Introducción. -- v.2. Segunda parte. Prólogo de Cervantes aReproducción de la traducción de Jarvis. Edición de surtido. Tela Lúdovik Osterc aQM1320 aTexto en : inglés14aNovela españolayÉpoca clásica, 1500-170014aLiteratura españolayÉpoca clásica, 1500-170014aNovela españolaySiglo XVII14aDon Quijote (Personaje ficticio)eNovela1 aJarvis, Charlesd?-1739eTraductor0 aEl Ingenioso Hidalgo Don Quijote de la Mancha